| 000 | 00623nam a2200205 4500 | ||
|---|---|---|---|
| 010 | _aA-574311 | ||
| 020 |
_a8185480575 _c300.00 |
||
| 035 | _aA-574311 | ||
| 037 | _bCen Lib / Ret | ||
| 040 |
_aDPL _bEN |
||
| 082 |
_a338.4764672 _bSIR |
||
| 110 | _bSIRI | ||
| 245 |
_aHandbook on cosmetic industries : _bHerbal and synthetic / _cby SIRI Board |
||
| 260 |
_aDelhi _bSmall Industry Research Institute |
||
| 270 |
_aSmall Industry Research Institute _bDelhi _e110007 |
||
| 300 |
_a320p ; _b27cm(Hb) |
||
| 650 | _aCosmetics | ||
| 650 | _aCosmetics -- Labeling | ||
| 942 |
_2ddc _cEN _h338.4764672 _mSIR |
||
| 999 |
_c136946 _d136946 |
||